Flags of all Separatist Movements - Statistics

General Stats
  • This quiz has been taken 40 times
  • The average score is 10 of 16
Answer Stats
Picture Answer % Correct
Kosovo
91%
Scotland
88%
England
85%
Somaliland
85%
Texas
85%
Northern Cyprus
76%
Transnistria
74%
Abkhazia
68%
Western Sahara
68%
South Ossetia
62%
East Turkestan
41%
Artsakh
38%
Adygea
29%
Andalusia
24%
Yucatán
21%
Azawad
18%
No matching quizzes found
Score Distribution
Percent of People with Each Score
Percentile by Number Answered
Your Score History
You have not taken this quiz